00395 2200145 4500001002100000005001500021035002000036245004800056100003000104300003100134260003600165082001200201084001800213650001800231INLIS00000000000129920241017083629 a0010-10240001481 aSmart Princess /cKintan Ayu Siva Salsabila0 aKintan Ayu Siva Salsabila a124 hlm. :bilus. ;c21 cm aBandung :bMizan Pustaka,c2013 a808.301 a808.301 KIN s 4aCerita pendek